000 00548nam a22001937a 4500
005 20260601115028.0
008 260601b |||||||| |||| 00| 0 eng d
020 _a9783110736724
_c3201.65
040 _aMAIN
041 _aGerman
082 _a830.9
_bELE
100 _aBastian Reinert
_926982
245 _aElfriede Jelinek und Thomas Bernhard
_b: Intertextualitat Korrelationen Korrespondenzen
260 _aBerlin
_bDe Gruyter
_c2020
300 _a274
650 _aGerman Language
700 _aGotze, Clemens (ed)
_926983
942 _cBK
999 _c60950
_d60950